| 000 | 00352nam a2200145Ia 4500 | ||
|---|---|---|---|
| 005 | 20251222151303.0 | ||
| 008 | 251222s9999||||xx |||||||||||||| ||spa|| | ||
| 020 | _a9788490352793 | ||
| 082 | _a579/M14/2015 | ||
| 100 | _aMadigan, Michael T. | ||
| 245 | 0 | _aBiologĂa de los Microorganismos | |
| 250 | _a14ava. ed. | ||
| 264 | _bPEARSON | ||
| 942 | _cLIB | ||
| 999 |
_c23079 _d23079 |
||